000 03211cam a2200313 4500500
005 20260405004719.0
041 _afre
042 _adc
100 1 0 _aSandri, Giulia
_eauthor
700 1 0 _aVon Nostitz, Felix
_eauthor
700 1 0 _aNeihouser, Marie
_eauthor
245 0 0 _aL’organisation en ligne des partis politiques européens
260 _c2023.
500 _a16
520 _aL’utilisation croissante des technologies numériques par les partis politiques est devenue un objet de recherche très important (Gerbaudo, 2019a ; Oross et Tap, 2021 ; Barberà et al., 2021). Néanmoins, la manière dont les technologies numériques façonnent l’organisation des partis reste une zone grise pour la recherche. Afin de tenter de répondre à ce manque, cet article propose de développer un cadre commun pour cartographier la digitalisation partisane à travers différents aspects tels que la sélection en ligne des dirigeants, celle des candidats ou encore celle des organes internes. L’objectif est de mesurer les variations dans les modèles de numérisation des partis européens, en particulier concernant leurs élections internes. Nos premiers résultats montrent que la sélection des dirigeants et des candidats est relativement digitalisée, tant dans les nouveaux partis nés en ligne que dans les partis traditionnels plus anciens. En revanche, l’utilisation du vote en ligne pour sélectionner les organes internes est plus rare. Cette recherche permet ainsi de mieux comprendre les transformations les plus récentes des partis politiques et d’évaluer plus précisément l’influence des technologies numériques sur le lien démocratique.
520 _aPolitical parties’ increasing use of digital technologies has become a major research focus (Gerbaudo 2019a; Oross and Tap 2021; Barberà et al. 2021). Yet the ways in which these technologies shape party organization remain a grey area. This article aims to address this gap by proposing a common framework to map party digitalization across different aspects such as online selection of leaders, candidates, and internal bodies. By measuring differences in the digitalization patterns of European parties, particularly with regard to their internal elections, we find that the selection of leaders and candidates is digitalized to a fairly large extent, both in digitally native parties and in mainstream and traditional ones. Furthermore, we find that online voting is hardly used to select members of internal party bodies. This research improves our understanding of the most recent transformations of political parties, allowing for a more precise evaluation of the influence of digital technologies on t democratic linkage.
690 _adigitalisation
690 _aélections
690 _apartis plateforme
690 _apartis politiques
690 _avote numérique
690 _adigital voting
690 _adigitalization
690 _aelections
690 _aplatform parties
690 _apolitical parties
786 0 _nRéseaux | 236 | 6 | 2023-01-12 | p. 95-136 | 0751-7971
856 4 1 _uhttps://shs.cairn.info/revue-reseaux-2022-6-page-95?lang=fr&redirect-ssocas=7080
999 _c2077788
_d2077788